| 000 | 00000nam##2200000za#4500 |
| 001 | 9.557671 |
| 003 | CaOODSP |
| 005 | 20210624172015 |
| 007 | cr ||||||||||| |
| 008 | 150406|2001||||xxc|||||o f|0| 0 eng|d |
| 040 | |aCaOODSP|beng |
| 043 | |an-cn--- |
| 086 | 1 |aNH18-22/96-205E-IN |
| 110 | 2 |aCanada Mortgage and Housing Corporation. |
| 245 | 10|aEnergy efficient windows, lighting & human health |h[electronic resource] |
| 260 | |aOttawa - Ontario : |bCanada Mortgage and Housing Corporation |
| 300 | |a5p. (58 KB) |
| 490 | 1 |aResearch and development highlights; technical series |v96-205 |
| 590 | |a01-12|b2001-03-23 |
| 690 | 07|aInsulation|2gcpds |
| 690 | 07|aHousing|2gcpds |
| 690 | 07|aEnvironment|2gcpds |
| 775 | 08|tLes fenêtres énergétiques, l'éclairage et la santé humaine / |w(CaOODSP)9.607659 |
| 830 | #0|aResearch and development highlights; technical series ;|v96-205|w(CaOODSP)9.504481 |
| 856 | 40|ahttp://publications.gc.ca|qPDF|s58 KB|uhttps://publications.gc.ca/collections/Collection/NH18-22-96-205E.pdf|y96-205 |